UNIVERSITY PHYSICS / (Record no. 615363)

000 -LEADER
fixed length control field 00357nam a22001337a 4500
020 ## - INTERNATIONAL STANDARD BOOK NUMBER
Qualifying information HB.
040 ## - CATALOGING SOURCE
Transcribing agency FIZZA ISHAQ
082 ## - DEWEY DECIMAL CLASSIFICATION NUMBER
Classification number 530
Author Mark RON
100 ## - MAIN ENTRY--PERSONAL NAME
Personal name REESE,RONALD.
9 (RLIN) 131929
245 ## - TITLE STATEMENT
Title UNIVERSITY PHYSICS /
Statement of responsibility, etc. RONALD REESE.
260 ## - PUBLICATION, DISTRIBUTION, ETC.
Place of publication, distribution, etc. NEW YORK:
Name of publisher, distributor, etc. Brooks/COLE Publishing Company,
Date of publication, distribution, etc. 2000.
300 ## - PHYSICAL DESCRIPTION
Extent 1267 P. ; INDEX INC A .1 C.3
942 ## - ADDED ENTRY ELEMENTS (KOHA)
Source of classification or shelving scheme
Koha item type Book
Holdings
Withdrawn status Lost status Source of classification or shelving scheme Damaged status Not for loan Permanent Location Current Location Shelving location Date acquired Total Checkouts Full call number Barcode Date last seen Price effective from Koha item type
          NUST Baluchistan Campus (NBC) NUST Baluchistan Campus (NBC) General Stacks 11/18/2025   530 RON QD-75 11/18/2025 11/18/2025 Book
© 2023 Central Library, National University of Sciences and Technology. All Rights Reserved.